| 000 | 00706nam a22002177i 4500 | ||
|---|---|---|---|
| 003 | URS | ||
| 005 | 20220117120323.0 | ||
| 008 | 180516b xxu||||| |||| 00| 0 eng d | ||
| 040 |
_erda _cURS _beng |
||
| 050 |
_aP90 _b.C26 1984 |
||
| 100 | _a Cabbab, Julita Aquino. | ||
| 245 |
_a Speech com manual : a tri modular instructional material. / _cJulita Aquino Cabbab, Fred Anthony C. Cabbab. -- |
||
| 264 | 1 |
_a Manila : _b Bookmark, _c1984 . |
|
| 300 |
_a220 pages : _billustrations ; _c26 cm |
||
| 336 |
_atext _btxt _2rdacontent |
||
| 337 |
_aunmediated _bn _2rdamedia |
||
| 338 |
_avolume _bnc _2rdacarrier |
||
| 650 | _a Speech -- Study and teaching. | ||
| 700 | _aCabbab, Fred Anthony | ||
| 942 |
_2lcc _cF |
||
| 999 |
_c4432 _d4432 |
||